<?xml version="1.0" encoding="UTF-8"?>
<record
    xmlns:xsi="http://www.w3.org/2001/XMLSchema-instance"
    xsi:schemaLocation="http://www.loc.gov/MARC21/slim http://www.loc.gov/standards/marcxml/schema/MARC21slim.xsd"
    xmlns="http://www.loc.gov/MARC21/slim">

  <leader>00859nam a22001937a 4500</leader>
  <controlfield tag="001">7248</controlfield>
  <controlfield tag="005">20260118151954.0</controlfield>
  <controlfield tag="008">260118b        |||||||| |||| 00| 0 chi d</controlfield>
  <datafield tag="020" ind1=" " ind2=" ">
    <subfield code="a">9787533259549</subfield>
  </datafield>
  <datafield tag="040" ind1=" " ind2=" ">
    <subfield code="c">Booku</subfield>
  </datafield>
  <datafield tag="082" ind1=" " ind2=" ">
    <subfield code="a">Chinese DAH</subfield>
  </datafield>
  <datafield tag="100" ind1=" " ind2=" ">
    <subfield code="a">&#x7F57;&#x5C14;&#x5FB7;&#xB7;&#x8FBE;&#x5C14;</subfield>
  </datafield>
  <datafield tag="245" ind1=" " ind2=" ">
    <subfield code="a">&#x5973;&#x5DEB;</subfield>
  </datafield>
  <datafield tag="520" ind1=" " ind2=" ">
    <subfield code="a">&#x8FD9;&#x672C;&#x4E66;&#x662F;&#x7F57;&#x5C14;&#x5FB7;&#xB7;&#x8FBE;&#x5C14;&#xFF08;Roald Dahl&#xFF09;&#x7684;&#x300A;&#x5973;&#x5DEB;&#x300B;&#xFF08;The Witches&#xFF09;&#x3002;
&#x6545;&#x4E8B;&#x8BB2;&#x8FF0;&#x4E86;&#x4E00;&#x4E2A;&#x7537;&#x5B69;&#x548C;&#x4ED6;&#x7684;&#x7956;&#x6BCD;&#x53D1;&#x73B0;&#x4E86;&#x4E00;&#x4E2A;&#x79D8;&#x5BC6;&#x5973;&#x5DEB;&#x96C6;&#x4F1A;&#xFF0C;&#x5E76;&#x5F97;&#x77E5;&#x5973;&#x5DEB;&#x4EEC;&#x8BA1;&#x5212;&#x5C06;&#x5168;&#x4E16;&#x754C;&#x7684;&#x513F;&#x7AE5;&#x53D8;&#x6210;&#x8001;&#x9F20;&#x3002;&#x8FD9;&#x4E2A;&#x7537;&#x5B69;&#x4E0D;&#x5E78;&#x88AB;&#x5973;&#x5DEB;&#x53D8;&#x6210;&#x4E86;&#x8001;&#x9F20;&#xFF0C;&#x4F46;&#x4ED6;&#x5229;&#x7528;&#x5973;&#x5DEB;&#x7684;&#x9B54;&#x836F;&#x53CD;&#x8FC7;&#x6765;&#x6D88;&#x706D;&#x4E86;&#x6240;&#x6709;&#x5973;&#x5DEB;&#x3002;&#x6700;&#x540E;&#xFF0C;&#x4ED6;&#x4EE5;&#x8001;&#x9F20;&#x7684;&#x5F62;&#x6001;&#x4E0E;&#x7956;&#x6BCD;&#x7EE7;&#x7EED;&#x751F;&#x6D3B;&#xFF0C;&#x5E76;&#x8BA1;&#x5212;&#x6D88;&#x706D;&#x4E16;&#x754C;&#x5404;&#x5730;&#x5269;&#x4F59;&#x7684;&#x5973;&#x5DEB;&#x3002; </subfield>
  </datafield>
  <datafield tag="880" ind1=" " ind2=" ">
    <subfield code="6">100-1</subfield>
    <subfield code="a">Roald Dahl</subfield>
  </datafield>
  <datafield tag="880" ind1=" " ind2=" ">
    <subfield code="6">245-2</subfield>
    <subfield code="a">The Witches</subfield>
  </datafield>
  <datafield tag="942" ind1=" " ind2=" ">
    <subfield code="2">ddc</subfield>
    <subfield code="c">BK</subfield>
    <subfield code="n">0</subfield>
  </datafield>
  <datafield tag="999" ind1=" " ind2=" ">
    <subfield code="c">7248</subfield>
    <subfield code="d">7248</subfield>
  </datafield>
  <datafield tag="952" ind1=" " ind2=" ">
    <subfield code="0">0</subfield>
    <subfield code="1">0</subfield>
    <subfield code="2">ddc</subfield>
    <subfield code="4">0</subfield>
    <subfield code="7">0</subfield>
    <subfield code="a">BOOKU</subfield>
    <subfield code="b">BOOKU</subfield>
    <subfield code="d">2026-01-18</subfield>
    <subfield code="l">0</subfield>
    <subfield code="o">Chinese DAH</subfield>
    <subfield code="p">9787533259549</subfield>
    <subfield code="r">2026-01-17 17:06:10</subfield>
    <subfield code="w">2026-01-18</subfield>
    <subfield code="y">BK</subfield>
  </datafield>
</record>
